000 00433nam a2200181Ia 4500
001 19581
005 20260306172703.0
008 260306t2017||||xx |||||||||||||| ||spa||
041 _aESP
082 _a340.7
_bE373 Nº 8
100 _aKresalja, Baldo
_eAUT
245 0 _aDerecho constitucional económico
260 _c2017
300 _a158 páginas :
_c20 cm.
650 _aGEN
654 _aCDE
942 _cLIB
_dJUS
_fJUS
_2ddc
_n
999 _c19581
_d19581